MARC details
| 000 -LEADER |
| fixed length control field |
02106nam a22003497a 4500 |
| 001 - CONTROL NUMBER |
| control field |
103507 |
| 003 - CONTROL NUMBER IDENTIFIER |
| control field |
KnowledgeUnlatched |
| 005 - DATE AND TIME OF LATEST TRANSACTION |
| control field |
20210303105125.0 |
| 006 - FIXED-LENGTH DATA ELEMENTS--ADDITIONAL MATERIAL CHARACTERISTICS |
| fixed length control field |
m o d |
| 007 - PHYSICAL DESCRIPTION FIXED FIELD--GENERAL INFORMATION |
| fixed length control field |
cr u|||||||||| |
| 008 - FIXED-LENGTH DATA ELEMENTS--GENERAL INFORMATION |
| fixed length control field |
210129p20182019xx o u00| u ger d |
| 037 ## - SOURCE OF ACQUISITION |
| Institution to which field applies |
BiblioBoard |
| 020 ## - INTERNATIONAL STANDARD BOOK NUMBER |
| International Standard Book Number |
9783205205883 |
| 029 1# - OTHER SYSTEM CONTROL NUMBER (OCLC) |
| OCLC library identifier |
https://library.biblioboard.com/ext/api/media/398e119a-fc25-4fe7-a029-b6911a98b731/assets/thumbnail.jpg |
| 040 ## - CATALOGING SOURCE |
| Original cataloging agency |
ScCtBLL |
| Transcribing agency |
ScCtBLL |
| 245 00 - TITLE STATEMENT |
| Title |
Biografien bedeutender österreichischer Wissenschafterinnen |
| Remainder of title |
"Die Neugier treibt mich, Fragen zu stellen" / |
| Statement of responsibility, etc. |
Ilse Korotin. |
| 264 #1 - PRODUCTION, PUBLICATION, DISTRIBUTION, MANUFACTURE, AND COPYRIGHT NOTICE |
| Name of producer, publisher, distributor, manufacturer |
Böhlau, |
| 300 ## - PHYSICAL DESCRIPTION |
| Extent |
1 online resource (994 p.) |
| 506 0# - RESTRICTIONS ON ACCESS NOTE |
| Terms governing access |
Access copy available to the general public. |
| Standardized terminology for access restriction |
Unrestricted |
| Source of term |
star |
| 520 ## - SUMMARY, ETC. |
| Summary, etc. |
"This volume follows the results of the dictionary ""Wissenschafterinnen in und aus Österreich. Leben - Werk - Wirken"" from 2002, in which the field of activities of the first generation of female scientists at austrian universities and in non-university workplaces were researched among other things. The present collection is now mostly focused on woman-specific acting of female scientists after 1945 (years of birth between 1930 and 1950, including an addition of earlier years). The emphasis in terms of time furthermore includes theoretical and personnel effects of the second feminist movement, developed in universities in the 1970s out of woman-specific problems in the fields of science." |
| 588 0# - SOURCE OF DESCRIPTION NOTE |
| Source of description note |
Description based on print version record. |
| 590 ## - LOCAL NOTE (RLIN) |
| Local note |
KU Open Services |
| 650 #7 - SUBJECT ADDED ENTRY--TOPICAL TERM |
| Topical term or geographic name entry element |
History |
| Source of heading or term |
bisacsh |
| 650 #0 - SUBJECT ADDED ENTRY--TOPICAL TERM |
| Topical term or geographic name entry element |
History |
| 655 #0 - INDEX TERM--GENRE/FORM |
| Genre/form data or focus term |
Electronic books. |
| 700 1# - ADDED ENTRY--PERSONAL NAME |
| Personal name |
Korotin, Ilse |
| Relator term |
editor. |
| 758 ## - |
| -- |
Is found in: |
| -- |
Knowledge Unlatched |
| -- |
https://openresearchlibrary.org/module/2774bc74-146a-484f-a7ba-ab1d6a09bbfb |
| 856 40 - ELECTRONIC LOCATION AND ACCESS |
| Uniform Resource Identifier |
<a href="https://openresearchlibrary.org/content/398e119a-fc25-4fe7-a029-b6911a98b731">https://openresearchlibrary.org/content/398e119a-fc25-4fe7-a029-b6911a98b731</a> |
| Public note |
View this content on Open Research Library. |
| -- |
0 |